000 00796cam a22002651 4500
999 _c9020
_d9020
001 9020
003 BD-JhCC
005 20220519134021.0
008 690129s1968 mau 001 0 eng
035 _a(BD-JhCC)9020
040 _aDLC
_cDLC
_dDLC
_dBD-JhCC
041 _aeng
050 0 0 _aJK271
_b.B726
082 0 0 _a320/.0973
_bBUN 1968
100 1 _aBundy, McGeorge.
245 1 4 _aThe strength of government.
260 _aCambridge,
_bHarvard University Press,
_c1968.
300 _axii, 113 p.
_c21 cm.
350 _a$3.75
440 4 _aThe Godkin lectures at Harvard University ;
_v1968
500 _aBased on the Godkin lectures delivered at Harvard University in March 1968.
651 0 _aUnited States
_xPolitics and government
_y1945-1989.
942 _2ddc
_cBK
_01